| 000 | 00857cas a2200217K 4500 | ||
|---|---|---|---|
| 022 | _a0305-1315 | ||
| 082 | 0 | 4 |
_a625.85 _bHIT |
| 110 | 2 |
_aTransport and Road Research Laboratory. _938147 |
|
| 245 | 1 | 0 | _aSupplementary report - Transport and Road Research Laboratory |
| 260 |
_aCrowthorne, Berkshire, _bOverseas Unit, Transport and Road Research Laboratory. |
||
| 300 |
_av. _bill. _c30 cm. |
||
| 500 | _aDescription based on print version record. | ||
| 500 | _aeContent provider-neutral record in process. | ||
| 526 |
_a0 _b0 _c0 _d625_850000000000000_HIT |
||
| 650 | 0 |
_aHighway research _zGreat Britain. _943912 |
|
| 650 | 0 |
_aMCE _9379 |
|
| 650 | 0 |
_aTransportation _xResearch _zGreat Britain. _943913 |
|
| 710 | 2 | 2 |
_aTransport and Road Research Laboratory. _938147 |
| 856 | 4 | 0 | _uhttp://catalog.hathitrust.org/api/volumes/oclc/2828322.html |
| 942 |
_2ddc _cBK |
||
| 999 |
_c547788 _d547788 |
||